000 00344nam a2200133Ia 4500
008 240624s9999 xx 000 0 und d
041 _aeng
082 _a658.4052 SHA
100 _aSHAPIRO DANIEL
245 _aNEGOTIATING THE NONNEGOTIABLE HOW TO RES
260 _c2016
_aNew York
_bViking
300 _axvi, 319 p.; 23 cm.
365 _cRS
_b38
999 _c31201
_d31201